01067 2200349 4500001002100000005001500021035002000036007000300056040001700059100003100076245011000107250001300217300003800230504002900268020002200297041000800319082001100327084001700338090002300355264004500378336002100423337003000444338002300474500005300497650001200550700003800562850001000600008004100610990002200651990002200673990002200695INLIS00000000000712320260603115801 a0010-0822000097ta aSBPUPADbind0 aHebert AdriantoePengarang1 aBuku Ajar Parasitologi :bBuku Pegangan Kuliah Mahasiswa Biologi Dan Pendidikan Biologi /cHebert Adianto a.-Cet. 1 ax, 310 hlm, :billus. ;c16x23 cm abibliografi, hlm 301-303 a978-623-7239-74-107aind a578.65 a578.65 HEB b a578.65 HEB b L17-3 a.--Yogyakarta :bRapha Publishing,c2020 2rdacontentateks 2rdamediaatanpa perantara 2rdacarrieravolume aGlosarium, Hlm 305-308, Profile Penulis, hlm 309 4aBiologi0 aEditor, Lidya MayasariePengarang aPUPAD260603 0  a36.314/B/DPK/2022 a36.313/B/DPK/2022 a36.312/B/DPK/2022